| 000 | 00925 a2200169 4500 | ||
|---|---|---|---|
| 003 | Nust | ||
| 005 | 20220802154708.0 | ||
| 020 | _a8176486876 | ||
| 040 | _cNust | ||
| 082 | _a004.6,PAN | ||
| 100 |
_aPankaj,S _996324 |
||
| 245 |
_aComputer Networking / _cS.Pankaj |
||
| 260 |
_aNew Delhi _bAPH publishing _c2004 |
||
| 300 | _a566 p.: | ||
| 505 | _aThe Open Systems Interconnection (Page-1), Transmission Control Protocol (Page-15), Address Allocation for Private Internets (Page-67), IP Subnetting Requirements for Internet Hosts Communications Layers (Page-73), Routing Information Protocol (Page-127), RIP-2 MD5 Authentication (Page-151), The PPP Internet Protocol (Page-185), IP Authentication Header (Page-243), Domain Name Concepts and Facilities (Page-261), Hypertext Transfer Protocol (Page-339), DHCP Options and BOOTP Vendor Extensions (Page-385), IP Forwarding Table MIB (Page-463), | ||
| 942 |
_2ddc _cBK _k004.6,PAN |
||
| 999 |
_c176409 _d176409 |
||